Intelligent Network Integration of Distributed Renewable Generation
Salvato in:
| Autori principali: | , , |
|---|---|
| Natura: | Libro |
| Lingua: | inglese |
| Pubblicazione: |
Cham :
Springer,
2017
|
| Tags: |
Nessun Tag, puoi essere il primo ad aggiungerne!!
|
MARC
| LEADER | 00000nam a22000003a 4500 | ||
|---|---|---|---|
| 001 | 0066484 | ||
| 003 | SK-STU | ||
| 005 | 20180731103451.0 | ||
| 007 | ta | ||
| 008 | 180730s ----xo-----e------000-0-----d | ||
| 020 | |a 978-3-319-49270-4 | ||
| 040 | |a STU |b slo | ||
| 041 | 0 | |a eng | |
| 044 | |a sz | ||
| 100 | 1 | |a Mithulananthan, Nadarajah |4 aut |r Z6 | |
| 245 | 1 | 0 | |a Intelligent Network Integration of Distributed Renewable Generation |
| 260 | |a Cham : |b Springer, |c 2017 | ||
| 300 | |a 135 s. | ||
| 700 | 1 | |a Hung, Duong Quoc |r Z6 |4 aut | |
| 700 | 1 | |a Lee, Kwang Y. |r Z6 |4 aut | |
| 996 | |b 284EK89967 |c E*89967 |l EE32 |s P |a 0 |w 0066484_0001 | ||